<?xml version="1.0" encoding="UTF-8"?>
<resp>
  <nextPage>https://data.bn.org.pl/api/networks/bibs.marcxml?marc=001+b00001150003770&amp;sinceId=1150003771</nextPage>
  <collection>
    <record xmlns='http://www.loc.gov/MARC21/slim'><leader>00836namZa2200301ZiZ4500</leader><controlfield tag='001'>b00001150003770</controlfield><controlfield tag='005'>20241203213852.3</controlfield><controlfield tag='008'>230609s        pl           |000 0 pol c</controlfield><controlfield tag='009'>9913261765005606</controlfield><datafield ind1=' ' ind2=' ' tag='020'><subfield code='a'>8388872222</subfield></datafield><datafield ind1=' ' ind2=' ' tag='035'><subfield code='a'>KR_1KR_1_20120317225716018570-48omnis_kr</subfield></datafield><datafield ind1=' ' ind2=' ' tag='035'><subfield code='a'>KR_1_20120317225716018570</subfield><subfield code='9'>ExL</subfield></datafield><datafield ind1=' ' ind2=' ' tag='035'><subfield code='a'>(PL)b00001150003770</subfield></datafield><datafield ind1=' ' ind2=' ' tag='040'><subfield code='a'>KR_1</subfield><subfield code='c'>KR_1</subfield></datafield><datafield ind1='0' ind2=' ' tag='041'><subfield code='a'>pol</subfield></datafield><datafield ind1='1' ind2=' ' tag='100'><subfield code='a'>Kolenda, Amelia</subfield></datafield><datafield ind1='1' ind2='0' tag='245'><subfield code='a'>Z apteczki babuni /</subfield><subfield code='c'>Amelia Kolenda.</subfield></datafield><datafield ind1=' ' ind2=' ' tag='260'><subfield code='a'>W-wa :</subfield><subfield code='b'>&quot;ABA&quot;,</subfield><subfield code='c'>[2000].</subfield></datafield><datafield ind1=' ' ind2=' ' tag='300'><subfield code='a'>95 s. ;</subfield><subfield code='c'>20 cm.</subfield></datafield><datafield ind1='1' ind2=' ' tag='490'><subfield code='a'>Nie Tylko dla Kobiet</subfield></datafield><datafield ind1=' ' ind2=' ' tag='500'><subfield code='a'>n</subfield></datafield><datafield ind1=' ' ind2='9' tag='650'><subfield code='a'>Homeopatia</subfield></datafield><datafield ind1=' ' ind2='9' tag='650'><subfield code='a'>Ziołolecznictwo</subfield></datafield><datafield ind1=' ' ind2=' ' tag='852'><subfield code='b'>48OMNIS_NETWORK</subfield><subfield code='8'>9913261765005606</subfield></datafield><datafield ind1=' ' ind2=' ' tag='852'><subfield code='b'>48OMNIS_KR</subfield><subfield code='8'>991000037689708216</subfield></datafield><datafield ind1=' ' ind2=' ' tag='920'><subfield code='a'>83-88872-22-2</subfield></datafield></record>
  </collection>
</resp>
